000 00978njm a22002657a 4500
005 20100920111854.0
007 sd ammalaaahaa
008 100913t xxu||||| |||| 00| 0 hin d
028 _aECLP 2278
_bHis Master's Voice
035 _aGR-03660
040 _aSED/VEN
100 _aRoy, Juthika
_91184
245 _aBhajan of Juthika Roy /
_cby Juthika Roy
_h[sound recording] :
260 _aDum Dum India
_bHis Master's Voice
300 _a1 sound disc [Gramophone record] :
_banalog, 33 1/3 rpm
_c12.5 in. (LP)
_fGramophone Record
500 _aBrief Record
500 _aRecord label :His Master's Voice, Red
505 _aSide-1 (Ghunghat ka pat khol re) (Kabir Bhajan) Side-२ (Rana ji main to girdhar ke) (Meera Bhajan)
600 _aRoy, Juthika
_919992
650 _aBhajans
_xExcerpts
_zIndia
_919603
700 _919605
700 _aJaidev
_920747
942 _2ddc
_cGR
999 _c46894
_d46894